| 000 | 00575nam a2200193Ia 4500 | ||
|---|---|---|---|
| 005 | 20250508164949.0 | ||
| 008 | 008 250505s9999 xx 000 0 eng d | ||
| 037 | _aReference | ||
| 040 |
_aFEDL _beng _cFEDL |
||
| 041 |
_aeng _2eng |
||
| 084 |
_a510.7, BEC/RR _qFEDL |
||
| 100 |
_aBeckmann Charlene E and Others _9779602 |
||
| 245 | 0 | _aTeaching and learning high school mathematics | |
| 260 |
_aNew Jeresy, USA _bJohn Wiley and Sons _c2010 |
||
| 300 | _axxvii,531p. | ||
| 365 |
_aUSD _b113.95 |
||
| 942 |
_cREF _h510.7, BEC/RR |
||
| 999 |
_c1392312 _d1392312 |
||